000 00371nam a22001577a 4500
003 MPLRDC
005 20220104114148.0
008 210129b ||||| |||| 00| 0 eng d
082 _a831.4 WC
100 _a蔚成选译
245 _a中国诗词选译
_c
260 _a
_b香港侨光书店
_c1962
300 _b
650 _a中国诗总集
942 _cBK
_o831.4 WC
999 _c5304
_d5294